000 01164nam a2200241 i 4500
001 175659
003 ES-MaACL
005 20250828032708.0
008 101115s2010 sp |||| | spa d
080 _a37.017
100 1 _aIbáñez-Martín, José A.
_9143942
245 1 1 _a¿Llenar el vaso o encender el fuego? :
_bviejos y nuevos riesgos en la acción educativa : lección inaugural del curso académico 2010-2011 en la Facultad de Educación-Centro de Formación del Profesorado /
_cpor José Antonio Ibáñez-Martín.
260 _aMadrid :
_bFacultad de Educación,
_c2010.
300 _a31 p. ;
_c27 cm.
504 _aBibliografía: p. 29-31.
505 8 _aContiene: El imaginario social de la medicina y de la actividad educativa ; Las grandes cuestiones educativas en la actualidad y la sabiduría del imaginario social
594 _aPrecede al tít.: Emblema de la Universidad Complutense.
650 4 _aEducación-
_xFines y objetivos
_912081
650 4 _aEducación-
_xFilosofía-
_yS.XX.
_912080
710 2 _aUniversidad Complutense de Madrid.
_bFacultad de Educación.
_9143941
852 _aES-MaACL
_j2286-F-8
999 _c175659
_d175659